书目信息 |
| 题名: |
京津冀区域碳减排能力测度与合作路径研究
|
|
| 作者: | 郑红梅, , 王庆山, , 朴胜任, 著 | |
| 分册: | ||
| 出版信息: | 北京 经济管理出版社 2017 |
|
| 页数: | 219页 | |
| 开本: | 23cm | |
| 丛书名: | ||
| 单 册: | ||
| 中图分类: | X511 | |
| 科图分类: | ||
| 主题词: | 二氧化碳--减量化--排气--研究--华北地区 | |
| 电子资源: | ||
| ISBN: | 978-7-5096-4959-6 | |
| 000 | 02564nam0 2200301 450 | |
| 001 | 2368447206 | |
| 005 | 20231203190107.04 | |
| 010 | @a978-7-5096-4959-6@dCNY58.00 | |
| 100 | @a20170831d2017 em y0chiy50 ea | |
| 101 | 0 | @achi |
| 102 | @aCN@b110000 | |
| 105 | @aak a 000yy | |
| 200 | 1 | @a京津冀区域碳减排能力测度与合作路径研究@Ajing jin ji qu yu tan jian pai neng li ce du yu he zuo lu jing yan jiu@e兼论区域碳分配与风险控制问题@d= Research on capacity measurement and cooperation path of carbon emission reduction in Beijing-Tianjin-Hebei@ealso on regional carbon distribution and risk control@f郑红梅, 王庆山, 朴胜任著@zeng |
| 210 | @a北京@c经济管理出版社@d2017 | |
| 215 | @a219页@c图@d23cm | |
| 300 | @a本书受教育部人文社会科学研究项目--“促进生态文明建设的大型工业城市低碳发展标准及评价体系研究”(项目编号: 13YJC630237)、国家自然科学基金项目--嵌入性视角下工业聚集区生态风险交叉传染机制及阻断策略研究 (项目编号: 71503180)、天津市科技计划项目--“促进科技金融耦合发展的科技支持政策工具选择研究”(合同编号: 152LZLZF00530) 资助 | |
| 314 | @a郑红梅, 女, 1979年12月生, 天津农学院副研究员, 硕士, 主要研究方向为产业低碳发展。王庆山, 男, 1987年3月生, 天津农学院讲师, 博士, 主要研究方向为碳金融与产业低碳发展。朴胜任, 男, 1988年11月生, 天津理工大学博士研究生, 主要研究方向为区域经济与产业低碳发展。 | |
| 320 | @a有书目 (第197-219页) | |
| 330 | @a区域协同发展与低碳经济是当前我国区域经济发展的主题。然而碳减排能力测度是建设低碳社会, 发展低碳经济的前提条件, 也是在碳减排总量确定情况下各区域分配碳减排责任的主要依据依据。因此, 本书从区域协同角度, 以京津冀区域协同发展为背景, 提出了区域碳减排能力测度指标体系以及合作碳减排路径选择, 并结合京津冀区域产业转移问题, 提出了提出了基于区域产业转移的区域能源消费碳排放分配模式。以期为区域开展碳减排工作提供新的参考范式, 为区域低碳经济的发展提供理论支持和决策依据。主要内容涉及京津冀区域低碳经济发展现状、京津冀碳减排能力测度、京津冀碳减排合作路径、京津冀能源消费碳排放与控制目标分析、京津冀区域产业协同效应分析、京津冀碳排放分配交易机制研究等。 | |
| 510 | 1 | @aResearch on capacity measurement and cooperation path of carbon emission reduction in Beijing-Tianjin-Hebei@ealso on regional carbon distribution and risk control@zeng |
| 517 | 1 | @a兼论区域碳分配与风险控制问题@Ajian lun qu yu tan fen pei yu feng xian kong zhi wen ti |
| 606 | 0 | @a二氧化碳@x减量化@x排气@x研究@y华北地区 |
| 690 | @aX511@v5 | |
| 701 | 0 | @a郑红梅,@Azheng hong mei@f1979-@4著 |
| 701 | 0 | @a王庆山,@Awang qing shan@f1987-@4著 |
| 701 | 0 | @a朴胜任,@Apiao sheng ren@f1988-@4著 |
| 801 | 0 | @aCN@b湖北三新@c20170831 |
| 905 | @aBZT@dX511@e14 | |
| 京津冀区域碳减排能力测度与合作路径研究:兼论区域碳分配与风险控制问题= Research on capacity measurement and cooperation path of carbon emission reduction in Beijing-Tianjin-Hebei:also on regional carbon distribution and risk control/郑红梅, 王庆山, 朴胜任著.-北京:经济管理出版社,2017 |
| 219页:图;23cm |
| 本书受教育部人文社会科学研究项目--“促进生态文明建设的大型工业城市低碳发展标准及评价体系研究”(项目编号: 13YJC630237)、国家自然科学基金项目--嵌入性视角下工业聚集区生态风险交叉传染机制及阻断策略研究 (项目编号: 71503180)、天津市科技计划项目--“促进科技金融耦合发展的科技支持政策工具选择研究”(合同编号: 152LZLZF00530) 资助 |
| ISBN 978-7-5096-4959-6:CNY58.00 |
| 区域协同发展与低碳经济是当前我国区域经济发展的主题。然而碳减排能力测度是建设低碳社会, 发展低碳经济的前提条件, 也是在碳减排总量确定情况下各区域分配碳减排责任的主要依据依据。因此, 本书从区域协同角度, 以京津冀区域协同发展为背景, 提出了区域碳减排能力测度指标体系以及合作碳减排路径选择, 并结合京津冀区域产业转移问题, 提出了提出了基于区域产业转移的区域能源消费碳排放分配模式。以期为区域开展碳减排工作提供新的参考范式, 为区域低碳经济的发展提供理论支持和决策依据。主要内容涉及京津冀区域低碳经济发展现状、京津冀碳减排能力测度、京津冀碳减排合作路径、京津冀能源消费碳排放与控制目标分析、京津冀区域产业协同效应分析、京津冀碳排放分配交易机制研究等。 |
| ● |
| 相关链接 |
|
|
|
正题名:京津冀区域碳减排能力测度与合作路径研究
索取号:X511/14
 
预约/预借
| 序号 | 登录号 | 条形码 | 馆藏地/架位号 | 状态 | 备注 |
| 1 | 2001320584 | 2001320584 | 320书库/ [索取号:X511/14] | 在馆 | |
| 2 | 2001320585 | 2001320585 | 320书库/ [索取号:X511/14] | 在馆 | |
| 3 | 2001320586 | 2001320586 | 320书库/ [索取号:X511/14] | 在馆 | |
| 4 | 2001320587 | 2001320587 | 320书库/ [索取号:X511/14] | 在馆 | |
| 5 | 2001320588 | 2001320588 | 320书库/ [索取号:X511/14] | 在馆 |